00404nam a2200145 a 4500008004100000020001500041050001400056100001600070245004800086246004000134260003300174300002300207350000900230700001900239120416s1995 ||||||||||||||||| || u a0122277414 aT 385 Com aVince, J. A10aComputer graphicscedited by R. A. Earnshaw adevelopment in virtual environments aLondonbAcademic Pressc1995 axiii, 503p. : ill. a0.00 aEarnshaw, R. A